Hauptstädte, die mit S beginnen - Statistiken

Allgemein
  • Dieses Quiz wurde 2.014 mal gespielt
  • Das Durchschnittsergebnis liegt bei 13 aus 19
Antwortstatistiken
Hauptstädte % Korrekt
Stockholm
93%
Singapur
80%
Seoul
77%
San Marino
75%
Santiago de Chile
75%
Sarajevo
72%
San Salvador
71%
Sanaa
69%
Santo Domingo
69%
Sofia
69%
San Jose
63%
Sao Tome
63%
Suva
63%
Skopje
58%
St. John's
57%
St. George's
56%
Sucre
56%
Sri Jayewardenepura
48%
South Tarawa
36%
Keine übereinstimmenden Quizze gefunden
Verteilung der Resultate
Anzahl Personen mit jedem Resultat
Perzentil nach korrekt beantworteten Fragen
Ihre Resultats-Entwicklung
Sie haben dieses Quiz noch nicht gespielt